Manual of Buddhist philosophy / (Record no. 92914)

MARC details
000 -LEADER
fixed length control field 00640nam a22001937a 4500
005 - DATE AND TIME OF LATEST TRANSACTION
control field 20150521115353.0
010 ## - LCCN (DPL NO)
LC control number ENG-112701
020 ## - INTERNATIONAL STANDARD BOOK NUMBER
International Standard Book Number 9789380651224
Terms of availability 500.00
035 ## - SYSTEM CONTROL NUMBER
System control number EN-96233
037 ## - SOURCE OF ACQUISITION
Source of stock number/acquisition DBAD/PUB
082 ## - DEWEY DECIMAL CLASSIFICATION NUMBER
Classification number 250
100 ## - MAIN ENTRY--PERSONAL NAME
Personal name Mcgovern, William Montgomery
245 ## - TITLE STATEMENT
Title Manual of Buddhist philosophy /
Statement of responsibility, etc by William Montgomery Mcgovern ; edited by Indra Narain Singh
260 ## - PUBLICATION, DISTRIBUTION, ETC. (IMPRINT)
Place of publication, distribution, etc Delhi
Name of publisher, distributor, etc Vidyanidhi Prakashan
Date of publication, distribution, etc 2011
270 ## - ADDRESS
Address D-10/1061, (Near Shri Mahagauri Mandir), Khajuri Khas,
City Delhi
Postal code 110094
300 ## - PHYSICAL DESCRIPTION
Extent 254p.
Dimensions 23cm(Hb)
700 ## - ADDED ENTRY--PERSONAL NAME
Personal name Singh,Indra Narain
942 ## - ADDED ENTRY ELEMENTS (KOHA)
Source of classification or shelving scheme Dewey Decimal Classification
Item type English Books
Call number suffix MCG
Classification part 250
Holdings
Withdrawn status Lost status Not for loan Collection code Home library Current library Date acquired Source of acquisition Cost, normal purchase price Full call number Barcode Copy number Cost, replacement price Koha item type
    Not For Loan Non-fiction D.B.Act.Division D.B.Act.Division 13/04/2015 DBAD/PUB 500.00 250 MCG EN-96233 1 500.00 English Books

© Delhi Public Library
Hit Counter
free hit counter